• 首页
  • 本馆介绍
  • 公告通知
  • 最新文献
  • 馆藏检索
  • 电子资源
  • 读者导购
  • 参考咨询
  • 我的图书馆
  • 登录
  • 详细信息显示
  • 放入我的书架
  • 预约/预借图书
  • 作者相关作品
  • 分类相关作品
  • 丛书相关作品
  • 出版社相关作品

书目信息

  • 表格格式
  • 工作单格式
  • 卡片格式
题名:
中国社会学史新编
    
 
作者: 郑杭生 , 李迎生 著
分册:  
出版信息: 北京   高等教育出版社  2008
页数: 343页
开本: 23cm
丛书名:
单 册:
中图分类: C91-092
科图分类:
主题词: 社会学史--中国--高等学校--教材 , 社会学史
电子资源:
ISBN: 978-7-04-007799-5
000 01232nam0 2200277 45
001 523
005 20140905092349.78
010    @a978-7-04-007799-5@dCNY27.70
100    @a20081117d2008 ekmy0chiy0120 ea
101 0  @achi
102    @aCN@b110000
105    @ay z 000yy
106    @ar
200 1  @a中国社会学史新编@AZhong Guo She Hui Xue Shi Xin Bian@f郑杭生,李迎生著@FZheng Hang Sheng, Li Ying Sheng Zhu
210    @a北京@c高等教育出版社@d2008
215    @a343页@d23cm
300    @a面向21世纪课程教材
330    @a本书从社会运行论和社会学两大系的新视角,对中国社会学的历史和现状作了一次新的概括,分上下两编。上编“建国前中国早期社会学”,从教育和研究两个领域分别叙述了社会学两大传统——孔德系社会学和马克思主义社会学,分别较为系统地介绍了乡村建设学派、综合学派、社区学派、马克思主义学派。下编“建国后中国社会学的曲折历程”,叙述了中国社会学的取消、恢复与重建,重点是重建之后直到当今在教育和研究两个领域的进展。
510 1  @aA new history of Chinese sociology@zeng
606 0  @a社会学史@y中国@x高等学校@j教材
606 0  @a社会学史
690    @aC91-092@v4
701  0 @a郑杭生@AZheng Hang Sheng@4著
701  0 @a李迎生@ALi Ying Sheng@4著
801  0 @aCN@bTANGWEI@c20140603
905    @b0840034-36@dC91-092@e841@f3
    
    中国社会学史新编/郑杭生,李迎生著.-北京:高等教育出版社,2008
    343页;23cm
    面向21世纪课程教材
    
    ISBN 978-7-04-007799-5:CNY27.70
    本书从社会运行论和社会学两大系的新视角,对中国社会学的历史和现状作了一次新的概括,分上下两编。上编“建国前中国早期社会学”,从教育和研究两个领域分别叙述了社会学两大传统——孔德系社会学和马克思主义社会学,分别较为系统地介绍了乡村建设学派、综合学派、社区学派、马克思主义学派。下编“建国后中国社会学的曲折历程”,叙述了中国社会学的取消、恢复与重建,重点是重建之后直到当今在教育和研究两个领域的进展。
●
相关链接 在E读中查询图书 在五车中查询图书 在当当中查询图书 在豆瓣中查询图书


正题名:中国社会学史新编     索取号:C91-092/841         预约/预借

序号 登录号 条形码 馆藏地/架位号 状态 备注
1 0840034   208400345   第一样本阅览室/ [索取号:C91-092/841] 在馆    
2 0840035   208400354   第一借阅区/ [索取号:C91-092/841] 在馆    
3 0840036   208400363   第一借阅区/ [索取号:C91-092/841] 在馆    
唐山师范学院图书馆 欢迎您!
大连网信软件有限公司© 版权所有